Environnement - Statistiques

Statistiques générales
  • Ce quiz a été pris 223 fois
  • Le résultat moyen est 12 sur 32
Statistiques - réponses
Question Réponse % Correct
Pourquoi le milieu naturel apparaît comme un objet de conflit ? Appropriation des ressources / protection de l'environnement / gestion des ressources
87%
Qu'est ce qu'un écologiste ? Personne voulant protéger le vivant / le milieu naturel
76%
Qu'est ce qui désigne une richesse naturelle qui provient du sol et de sous-sol et qui sont renouvelables ou non ? Une ressource naturelle
72%
Qu'est ce qu'est devenue la définition de l'environnement aujourd'hui ? Quelque chose qui traite de la combinaison des éléments naturels et artificiels qui constituent le cadre de vie des humains, mais que ces derniers modifient sans cesse
68%
Qu'est ce que le climat ? C'est un certain nombre de caractéristiques géophysique d'une région dont des températures moyennes, des vents ...
62%
Quelle est la décennie de la prise de conscience pour protéger l'environnement ? Les années 70
51%
Que signifie "ONF" ? Office Nationale des Forêts
51%
Quand est apparue la notion d'environnement ? XIXe siècle
49%
Laquelle des deux révolution industrielle a eu un impact plus important sur l'environnement ? La deuxième
46%
A quelle époque la forêt comptait 22 millions d'hectares en France ? Moyen-Age
46%
Sur combien d'années se mesure le climat ? 30 ans
43%
Où a eu lieu le premier Sommet de la terre ? Stockholm
43%
Qu'est ce qui révèle la finitude des matières premières ? Le choc pétrolier
41%
Quels conflits peut engrainer la forêt française ? Espace récréatif / volonté d'exploiter
38%
Quand apparaît le pétrole et l'électricité ? Fin du XIXe siècle
35%
En quelle année les ordonnances de Colbert ont-elles étés créées ? 1669
34%
Qu'est ce que le milieu naturel ? Une ressource que l'on doit protéger ou exploiter
34%
Qu'est ce que la météorologie Une science qui a pour objet d'étude les changements de conditions de l'atmosphère
34%
Quel évènement déclencha le changement des lois sur la circulation des bateaux ? Marée noire de l'Amoco Cadiz en 1978
31%
Lors de l'année 1800, l'Europe constitue : 23% de la population mondiale
29%
Qu'est ce que l'environnement ? Un certain type de climat, de végétation, une faune adaptée, une terre particulière
25%
En quelle année y-a-t 'il eu un tournant pour la forêt française suite à la création du code forestier et de corps de métier devant la protéger ? 1827
22%
Suite à quoi le taux de mortalité a diminué ? La révolution industrielle
22%
Combien y a t'il de parc nationaux en France ? 11
21%
Quelle fût la date de la première révolution industrielle ( charbon / acier ) ? 1750/1900
21%
Quelle organisation est née suite à cette prise de conscience dans les années 70 ? Le club de Rome
16%
Conséquence de cela ? Destruction / modification du paysage
15%
selon l'OMS combien de décès par ans sont causés par la pollution de l'air ? 5.5 millions
12%
En quoi consiste cette dernière ? groupe d'intellectuels de 52 pays qui publient un livre
10%
Quelle fût la date de la deuxième révolution industrielle ? 1900/indéterminée
9%
Les Humains ont-ils remédié à cela et par quels moyens ? Amélioration qualité de l'air ( transport en commun/normes pour les véhicules )
7%
Quels sont les trois grandes zones thermique sur Terre ? Chaud / Froid / Tempéré
7%
Aucun quiz correspondant
Distribution des résultats
% des personnes avec chaque résultat
Percentile par nombre de réponses
Votre historique - résultats
Vous n’avez pas pris ce quiz